Rivers of living water. (Record no. 13018)

000 -LEADER
fixed length control field 00521nam a2200181 a 4500
001 - CONTROL NUMBER
control field :::00010836$&:&@@
003 - CONTROL NUMBER IDENTIFIER
control field OkBaRHE
005 - DATE AND TIME OF LATEST TRANSACTION
control field 20000607103403.0
008 - FIXED-LENGTH DATA ELEMENTS--GENERAL INFORMATION
fixed length control field j 000 0 eng u
040 ## - CATALOGING SOURCE
Transcribing agency
100 1# - MAIN ENTRY--PERSONAL NAME
Personal name Paxson, Ruth.
245 10 - TITLE STATEMENT
Title Rivers of living water.
260 ## - PUBLICATION, DISTRIBUTION, ETC. (IMPRINT)
Place of publication, distribution, etc Chicago, IL., :
Name of publisher, distributor, etc Moody Press
Date of publication, distribution, etc nd
300 ## - PHYSICAL DESCRIPTION
Extent 124 p. ;
Dimensions 18 cm.
650 ## - SUBJECT ADDED ENTRY--TOPICAL TERM
Topical term or geographic name as entry element Christian Life
942 ## - ADDED ENTRY ELEMENTS (KOHA)
Source of classification or shelving scheme
Koha item type Books
Copies
Full call number Date acquired Shelving location Koha item type Permanent Location Not for loan Source of classification or shelving scheme Damaged status Withdrawn status Lost status Price effective from Barcode Copy number Date last seen
BV 4501.2 .P382010-04-14General StacksBooksRHEMA Bible Training College     2010-04-141083612010-04-14